Les 10 meilleurs milieux centraux ALL TIME - Statistiques

Statistiques générales
  • Ce quiz a été pris 338 fois
  • Le résultat moyen est 5 sur 10
Statistiques - réponses
Joueurs % Correct
2. Xavi
98%
1. Iniesta
97%
3. Modric
86%
6. Kroos
78%
4. Pirlo
48%
10. Gerrard
45%
8. Lampard
45%
5. Scholes
26%
9. Ballack
10%
7. Fabregas
8%
Aucun quiz correspondant
Distribution des résultats
% des personnes avec chaque résultat
Percentile par nombre de réponses
Votre historique - résultats
Vous n’avez pas pris ce quiz